Ανάλυση βιωσιμότητας φωτοβολταϊκού συστήματος εγκατεστημένης ισχύος 100KW στην περιοχή Μεθώνη Μεσσηνίας : πτυχιακή εργασία
Αποθηκεύτηκε σε:
| Κύριος συγγραφέας: | |
|---|---|
| Συγγραφή απο Οργανισμό/Αρχή: | |
| Άλλοι συγγραφείς: | |
| Μορφή: | Thesis Βιβλίο |
| Γλώσσα: | Greek |
| Δημοσίευση: |
2011
|
| Θέματα: | |
| Διαθέσιμο Online: | http://hdl.handle.net/11610/10523 |
| Ετικέτες: |
Προσθήκη ετικέτας
Δεν υπάρχουν, Καταχωρήστε ετικέτα πρώτοι!
|
MARC
| LEADER | 00000cam a2200000 i 4500 | ||
|---|---|---|---|
| 001 | 1/15938 | ||
| 008 | 111024s2011 gre d | ||
| 035 | |l 10111175 | ||
| 040 | |a GR-MY-UA |b gre |e aacr | ||
| 041 | 0 | |a gre | |
| 082 | 0 | |a 621.31244 |2 (22) | |
| 100 | 1 | |a Μιχαλακόπουλος, Δημοσθένης Ν. | |
| 245 | 1 | 0 | |a Ανάλυση βιωσιμότητας φωτοβολταϊκού συστήματος εγκατεστημένης ισχύος 100KW στην περιοχή Μεθώνη Μεσσηνίας : |b πτυχιακή εργασία / |c Δημοσθένης Ν. Μιχαλακόπουλος ; επιβλέπων καθηγητής: Δίας Χαραλαμπόπουλος |
| 260 | |c 2011 | ||
| 300 | |a 88 σ.; |b εικ.; |c 30 εκ. | ||
| 502 | |a Πτυχιακή εργασία – Πανεπιστήμιο Αιγαίου, Λέσβος, 2011. | ||
| 504 | |a Βιβλιογραφία: σ. 79-82 | ||
| 650 | 0 | |a Photovoltaic power systems |x Economic aspects |z Greece |z Methone. | |
| 650 | 0 | 0 | |a Photovoltaic power generation. |
| 650 | 0 | |a Solar energy |z Greece |z Methone. | |
| 650 | 0 | 0 | |a Photovoltaic cells. |
| 650 | 0 | 0 | |a Dissertations, Academic |z Greece. |
| 700 | 1 | |a Χαραλαμπόπουλος, Δίας. |4 ths | |
| 710 | 2 | |a Πανεπιστήμιο Αιγαίου. |b Σχολή Περιβάλλοντος. |b Τμήμα Περιβάλλοντος. | |
| 852 | |a INST |b LESVOS |c DIATR |e 20111024 |h 1337 |p 005100051254 |q 005100051254 |t DIE |y 23 | ||
| 852 | |a INST |b LESVOS |c DIATR |e 20111024 |h 1338 |p 005100051253 |q 005100051253 |t DIE |y 23 | ||
| 856 | |u http://hdl.handle.net/11610/10523 | ||
| 901 | |a BIBL1-2011-3 | ||
| 909 | |a Λ |b 172898 | ||
| 909 | |a Λ |b 172899 | ||
| 924 | |a ΜΙΧΑΛΑΚΟΠΟΥΛΟΣ |b ΔΗΜΟΣΘΕΝΗΣ |y ΛΕΣΒΟΣ |z 2011-03 | ||
| 970 | |a ΤΖΑΦΕΡΗ |b ΕΥΑΓΓΕΛΙΑ |z 2011/10/24 | ||